| 000 | 00340nam a22001337a 4500 | ||
|---|---|---|---|
| 020 | _a978-81-88569-37-3 | ||
| 082 |
_a158 _bZIT/D |
||
| 100 | _aZITELMANN,RAINER | ||
| 245 | _aDARE TO BE DIFFERENT AND GROW RICH | ||
| 260 |
_aBHOPAL _bMANJUL PUBLISHING HOUSE |
||
| 300 | _a313 | ||
| 650 |
_aSECRETS OF SELF MADE PEOPLE _zBHOPAL |
||
| 942 | _cBK | ||
| 999 |
_c5610 _d5610 |
||